<The> economics of contracts <a> primer

Na minha lista:
Detalhes bibliográficos
Autor principal: Salanié, Bernard
Formato: Livro
Idioma:inglês
Publicado em: Cambridge <The> MIT Press 2005
Edição:2nd ed.
Colecção:economics
Assuntos:
Tags: Adicionar Tag
Sem tags, seja o primeiro a adicionar uma tag!

MARC

LEADER 00000nam$a2200000$$$4500
001 0116656
005 20240306135200.5
020 |a 0-262-19525-9 
041 0 |a eng 
044 |a US 
245 1 0 |a <The> economics of contracts  |b <a> primer  |c Bernard Salanié 
250 |a 2nd ed. 
264 1 |a Cambridge  |b <The> MIT Press  |c 2005 
300 |a 244 s. 
490 1 |a economics 
830 0 |a economics 
610 2 0 |a veda ekonomická 
610 2 0 |a teórie ekonomické 
610 2 0 |a kontrakty 
610 2 0 |a modely ekonometrické 
100 1 |a Salanié, Bernard